Fußball: Alle deutschen Nationalspieler von Gladbach ab 2000 - Statistiken

Allgemein
  • Dieses Quiz wurde 296 mal gespielt
  • Das Durchschnittsergebnis liegt bei 7 aus 12
Antwortstatistiken
Debüt Anzahl
Länderspiele
insgesamt
Pos. Spieler % Korrekt
2014 12 MF Christoph Kramer
81%
2012 40 TW Marc-Andre ter Stegen
81%
2020 2 MF Florian Neuhaus
78%
2020 22 MF Jonas Hofmann
77%
2017 11 MF/ST Lars Stindl
76%
2011 48 MF/ST Marco Reus
70%
2014* 51 AW Matthias Ginter
68%
2015 2 MF Patrick Herrmann
65%
1998* 69 ST Oliver Neuville
50%
2013* 14 MF/ST Max Kruse
41%
2008 16 MF Marko Marin
31%
2005 45 AW Marcell Jansen
27%
Keine übereinstimmenden Quizze gefunden
Verteilung der Resultate
Anzahl Personen mit jedem Resultat
Perzentil nach korrekt beantworteten Fragen
Ihre Resultats-Entwicklung
Sie haben dieses Quiz noch nicht gespielt